00671 2200241 4500001002100000005001500021035002500036090002200061090002100083245005000104260003400154300002200188008004100210040001700251082001600268084001800284100003500302650001700337850001200354999002100366990002100387990002100408YOGYA00000000003892120231219101023 a0010-081400000038639 aDEP 636.085 KAR p aCB-D.11 1994-34310aPengelolaan Pakan Ayam /cKartadisastra, H.R.31aYogyakarta :bKanisius,c1994 a57 hlm. ;c21 cm.130826s1994 yoia g ind d aYOPDYOGbind04222a636.085 a636.085 KAR p aKartadisastra, H.R.epengarang04aPakan ternak aYOPDYOG aCB-D.11/1994-343 aCB-D.11/1994-343 aCB-D.11/1994-343